Los seis grandes temas de la metafísica occidental

Uloženo v:
Podrobná bibliografie
Hlavní autor: Heimsoeth, Heinz (Autor)
Médium: Kniha
Jazyk:španělština
Vydáno: Madrid Revista de Occidente 1974
Edice:Biblioteca de Filosofía
Témata:
Tagy: Přidat tag
Žádné tagy, Buďte první, kdo vytvoří štítek k tomuto záznamu!

MARC

LEADER 00000nam a2200000 a 4500
001 UCZ4178
003 CL-VaPUC
008 951106e19740000SP |||||||||||||||||spa|d
082 0 4 |a 110  |b HEI  |2 21 
100 |a Heimsoeth, Heinz  |e author  |9 350519 
245 1 4 |a Los seis grandes temas de la metafísica occidental 
300 |a 248 p 
942 |c BK 
945 |d 19951106 00:00:00  |a cmena 
260 |a Madrid  |b Revista de Occidente  |c 1974 
600 0 |a Dios  |9 314467 
650 0 |a Metafísica  |9 265649 
650 7 |a SER  |2 CL-VaPUC  |9 320176 
650 0 |a Ontología   |9 256850 
650 0 |a Escuelas filosóficas   |9 266232 
650 0 |a Filosofía moderna  |9 258121 
650 0 |a Voluntad  |9 307812 
650 0 |a Inteligencia  |9 267038 
650 0 |a Cognición   |9 270347 
650 0 |a Creencia Religiosa  |9 316904 
583 |a last modification  |c 19951106 00:00:00  |k Rodrigo Vera 
490 0 |a Biblioteca de Filosofía 
999 |c 240595  |d 240593 
952 |0 0  |1 0  |4 0  |6 110_000000000000000_HEI_1974  |7 0  |8 P  |9 252553  |a BIBEDU  |b BIBEDU  |c BIBEDU_PB  |d 2019-11-18  |i 1594052  |o 110 HEI 1974  |p 1594052  |r 2024-01-25  |w 2019-11-18  |y BK  |k FIL